00387nam a22001217a 4500020001800000040000900018082001600027100002400043110003700067245007700104260003900181650004500220 a9788131716755 cNUST a004.21bMAZ aMuhammad Ali Mazidi aRolind D. Mckinlay, Danny Causey aPIC Microcontroller and Embedded SystemsbUsing Assembly and C for PIC18 aIndia:bDorling Kindersley,c2013. 2PIC Microcontroller and Embedded Systems